| 000 | 00788nam a2200229 a 4500 | ||
|---|---|---|---|
| 001 | 81789 | ||
| 003 | BD-RjUL | ||
| 005 | 20230828112026.0 | ||
| 008 | 230828s2012 ii ||||| |||| 00| 0 ben d | ||
| 020 | _a9788192101866 | ||
| 035 | _a(BD-RjUL)81789 | ||
| 040 |
_aBD-RjUL _beng _cBD-RjUL |
||
| 041 | _aben | ||
| 082 |
_223 _a398.2 _bCHP 2012 |
||
| 100 |
_aচক্রবর্তী, তিমিরবরণ _98627 |
||
| 245 |
_aপ্রসঙ্গ লোকসাহিত্য / _cতিমিরবরণ চক্রবর্তী |
||
| 260 |
_aকলকাতা : _bঅক্ষর প্রকাশনী, _c২০১২ |
||
| 300 |
_a১৮৪ পৃ.; _c২২ সেমি. |
||
| 650 | _aলোক সাহিত্য | ||
| 650 | _aFolk literature | ||
| 942 |
_2ddc _cBK |
||
| 999 |
_c81789 _d81789 |
||